000 00438nam a2200181Ia 4500
001 23915
005 20260414151009.0
008 260414t2014||||xx |||||||||||||| ||spa||
041 _aESP
082 _a720.985
_bA177 V. 4
100 _aMiró Quesada G., Luis
_eAUT
245 0 _aEspacio en el tiempo
_b
260 _c2014
300 _axlviii, 256 páginas :
_c21 cm.
650 _aABD
654 _aCAU
942 _cLIB
_dJUS
_fJUS
_2ddc
_n
999 _c23915
_d23915